[Event "Tenerife-chT Preferente"]
[Site "Tenerife"]
[Date "2025.01.18"]
[Round "5.1"]
[White "Calcerrada Lopez, Enrique"]
[Black "Fernandez Garcia, Jose Luis"]
[Result "1/2-1/2"]
[WhiteElo "1910"]
[BlackElo "2365"]
[PlyCount "180"]
[EventDate "2024.11.09"]
[EventType "team-tourn"]
[EventRounds "14"]
[EventCountry "ESP"]
[SourceTitle "CB14_2025"]
[SourceDate "2024.11.01"]
[SourceVersion "1"]
[SourceVersionDate "2024.11.01"]
[SourceQuality "1"]
[WhiteTeam "Circulo de Amistad XII Enero"]
[BlackTeam "Fundacion La Caja de Canarias"]
[WhiteTeamCountry "ESP"]
[BlackTeamCountry "ESP"]

1. Nf3 d5 2. b3 c5 3. Bb2 f6 4. d4 cxd4 5. Nxd4 e5 6. Nf3 Nc6 7. e3 Be6 8. Nbd2 a6 9. c4 dxc4 10. Bxc4 Bxc4 11. Nxc4 Bb4+ 12. Ncd2 Qd3 13. Rc1 Rd8 14. Qc2 Nh6 15. Bc3 Ba3 16. Qxd3 Rxd3 17. Rc2 Kf7 18. Ke2 Rhd8 19. Rb1 R3d5 20. Nc4 Bb4 21. a3 Be7 22. Nb6 Rb5 23. Nc4 Rbd5 24. Nb6 R5d6 25. Nc4 Re6 26. Ba5 Rd5 27. Bc7 Rd7 28. Bb6 Ke8 29. Nfd2 e4 30. b4 Nf7 31. Rbc1 Nd6 32. Nxd6+ Bxd6 33. Nb3 Be7 34. Nd4 Nxd4+ 35. Bxd4 Bd6 36. g3 Kf7 37. Rd1 Bb8 38. a4 Red6 39. Rdc1 Rd5 40. Rc5 Rxc5 41. Rxc5 Ba7 42. Rc4 b5 43. Rc6 Bxd4 44. exd4 Rxd4 45. Rxa6 Rxb4 46. axb5 Rxb5 47. Ke3 Rb4 48. g4 Rb3+ 49. Kxe4 Rh3 50. Ra2 Rxh2 51. Kf3 Kg6 52. Kg3 Rh1 53. Kg2 Re1 54. Ra5 Re5 55. Ra6 Rg5 56. Kg3 h5 57. f3 Rb5 58. Kh4 hxg4 59. Kxg4 Rg5+ 60. Kf4 Rg1 61. Rb6 Kh5 62. Rb8 Rg2 63. Rh8+ Kg6 64. Rg8 Rg5 65. Ra8 Rb5 66. Rg8 Kf7 67. Ra8 g5+ 68. Kg4 Rb4+ 69. Kg3 Kg6 70. Ra5 f5 71. Ra6+ Kh5 72. Ra8 Rb3 73. Rh8+ Kg6 74. Rg8+ Kf6 75. Kg2 Rb2+ 76. Kh3 Ke5 77. Rxg5 Kf4 78. Rg1 Kxf3 79. Rf1+ Rf2 80. Re1 f4 81. Ra1 Re2 82. Rf1+ Ke3 83. Ra1 f3 84. Ra3+ Kf2 85. Ra1 Re1 86. Ra3 Rh1+ 87. Kg4 Rg1+ 88. Kf4 Rf1 89. Rxf3+ Kg2 90. Rxf1 Kxf1 1/2-1/2

[Event "Tenerife-chT Primera"]
[Site "Tenerife"]
[Date "2023.01.14"]
[Round "1.3"]
[White "Figueroa Pahissa, Tito Javier"]
[Black "Calcerrada Lopez, Enrique"]
[Result "0-1"]
[WhiteElo "1549"]
[BlackElo "1835"]
[PlyCount "114"]
[EventDate "2023.01.14"]
[EventType "team-tourn"]
[EventRounds "14"]
[EventCountry "ESP"]
[SourceTitle "EXT 2024"]
[Source "ChessBase"]
[SourceDate "2023.10.10"]
[SourceVersion "1"]
[SourceVersionDate "2023.10.10"]
[SourceQuality "1"]
[WhiteTeam "El Sauzal Libreria Barco II"]
[BlackTeam "Circulo de Amistad XII Enero II"]
[WhiteTeamCountry "ESP"]
[BlackTeamCountry "ESP"]

1. d4 d5 2. Bf4 Bf5 3. e3 e6 4. Nf3 Bd6 5. Bxd6 Qxd6 6. c3 Nd7 7. Bd3 Bxd3 8. Qxd3 Ngf6 9. Nbd2 c5 10. dxc5 Qxc5 11. 0-0 0-0 12. Qd4 Qc7 13. e4 dxe4 14. Nxe4 Rfd8 15. Rad1 Nxe4 16. Qxe4 Nf6 17. Qe2 Qa5 18. Rxd8+ Rxd8 19. Rd1 h6 20. Rxd8+ Qxd8 21. Qd2 Qa5 22. a3 Qf5 23. Qd8+ Kh7 24. Qd1 Nd5 25. Ne1 Qg5 26. Kf1 Nf4 27. Qd2 Qb5+ 28. Kg1 Qe5 29. Kf1 a6 30. a4 Nd5 31. Nf3 Qe4 32. Ne1 Qxa4 33. Qc2+ Qxc2 34. Nxc2 Kg6 35. Ke2 Kf5 36. g3 b5 37. h3 Nb6 38. Kd3 Ke5 39. Nb4 Nc4 40. b3 Na5 41. f4+ Kd6 42. Kc2 g5 43. fxg5 hxg5 44. Nxa6 Nc6 45. b4 Ne7 46. Kd3 f5 47. Nc5 e5 48. Nb7+ Kd5 49. Nd8 f4 50. gxf4 gxf4 51. h4 Nf5 52. h5 e4+ 53. Kd2 f3 54. Nf7 e3+ 55. Ke1 f2+ 56. Kf1 Ng3+ 57. Kg2 f1Q+ 0-1

[Event "Santa Cruz Christmas op 32nd"]
[Site "Santa Cruz"]
[Date "2022.12.20"]
[Round "4"]
[White "Nuevo Cabezas, Antonio"]
[Black "Calcerrada Lopez, Enrique"]
[Result "1-0"]
[WhiteElo "1335"]
[BlackElo "1835"]
[PlyCount "40"]
[EventDate "2022.12.15"]
[EventType "swiss"]
[EventRounds "9"]
[EventCountry "ESP"]
[SourceTitle "EXT 2024"]
[Source "ChessBase"]
[SourceDate "2023.10.10"]
[SourceVersion "1"]
[SourceVersionDate "2023.10.10"]
[SourceQuality "1"]

1. e4 c5 2. c4 d6 3. Nc3 Nf6 4. Be2 Nc6 5. Nf3 Bg4 6. d3 e6 7. h3 Bxf3 8. Bxf3 a6 9. Be3 Qc7 10. a3 Be7 11. Qa4 Rb8 12. 0-0 0-0 13. Rab1 Rfd8 14. Rfd1 Ne5 15. Be2 d5 16. cxd5 exd5 17. exd5 Nxd5 18. Nxd5 Rxd5 19. Qc2 Qd7 20. Bf4 Ng6 1-0

[Event "Tenerife-chT Preferente"]
[Site "Tenerife"]
[Date "2022.05.21"]
[Round "13.3"]
[White "Abreu Suarez, Isauro"]
[Black "Calcerrada Lopez, Enrique"]
[Result "1-0"]
[WhiteElo "1989"]
[BlackElo "1814"]
[PlyCount "73"]
[EventDate "2022.01.29"]
[EventType "team-tourn"]
[EventRounds "14"]
[EventCountry "ESP"]
[SourceTitle "EXT 2024"]
[Source "ChessBase"]
[SourceDate "2023.10.10"]
[SourceVersion "1"]
[SourceVersionDate "2023.10.10"]
[SourceQuality "1"]
[WhiteTeam "Canarias 64"]
[BlackTeam "Circulo de Amistad XII Enero"]
[WhiteTeamCountry "ESP"]
[BlackTeamCountry "ESP"]

1. Nc3 d5 2. e4 d4 3. Nce2 e5 4. Nf3 Bd6 5. Ng3 Nf6 6. Bc4 Be6 7. Bxe6 fxe6 8. d3 0-0 9. 0-0 c5 10. c3 Nc6 11. Re1 Qd7 12. cxd4 cxd4 13. Bd2 Ne8 14. b4 a6 15. a4 Nc7 16. Qb3 b5 17. a5 Rac8 18. Ne2 h6 19. Nc1 Rf6 20. Rf1 Rcf8 21. Ne1 Qf7 22. f3 g5 23. Qa3 g4 24. Nb3 gxf3 25. Nxf3 Qg6 26. Kh1 Qg4 27. Qc1 Ne7 28. Qe1 R8f7 29. Rc1 h5 30. Nc5 Kh8 31. h3 Qg7 32. Qh4 Bxc5 33. Qxh5+ Kg8 34. Rxc5 Ng6 35. Rfc1 Rf4 36. Rxc7 Rxf3 37. Rc8+ 1-0

[Event "Tenerife-chT Segunda"]
[Site "Tenerife"]
[Date "2022.03.05"]
[Round "5.1"]
[White "Hernandez Abreu, Victor"]
[Black "Calcerrada Lopez, Enrique"]
[Result "1/2-1/2"]
[WhiteElo "1398"]
[BlackElo "1814"]
[PlyCount "51"]
[EventDate "2022.01.29"]
[EventType "team-tourn"]
[EventRounds "14"]
[EventCountry "ESP"]
[SourceTitle "EXT 2024"]
[Source "ChessBase"]
[SourceDate "2023.10.10"]
[SourceVersion "1"]
[SourceVersionDate "2023.10.10"]
[SourceQuality "1"]
[WhiteTeam "Al Shah Mat Los Realejos III"]
[BlackTeam "Circulo de Amistad XII Enero II"]
[WhiteTeamCountry "ESP"]
[BlackTeamCountry "ESP"]

1. d4 d5 2. c4 e6 3. Nc3 c6 4. cxd5 exd5 5. Bf4 Bf5 6. e3 Nf6 7. Bd3 Bxd3 8. Qxd3 Qb6 9. Nge2 Nbd7 10. 0-0 Be7 11. b4 a6 12. a3 Nh5 13. Na4 Qd8 14. Nc5 Nxf4 15. Nxf4 Qc8 16. Rac1 Bxc5 17. bxc5 0-0 18. Rb1 Rb8 19. Rb2 Qc7 20. Rfb1 a5 21. Qf5 b5 22. Nh5 Rfe8 23. Qg4 g6 24. Nf4 Kg7 25. Nh5+ Kg8 26. Nf4 1/2-1/2